• 首页
  • 本馆介绍
  • 公告通知
  • 最新文献
  • 馆藏检索
  • 电子资源
  • 读者导购
  • 参考咨询
  • 我的图书馆
  • 登录
  • 详细信息显示
  • 放入我的书架
  • 预约/预借图书
  • 作者相关作品
  • 分类相关作品
  • 丛书相关作品
  • 出版社相关作品

书目信息

  • 表格格式
  • 工作单格式
  • 卡片格式
题名:
1640年英国革命史
    
 
作者: 基佐 著 ;伍光建 译
分册:  
出版信息: 南京   译林出版社  2016
页数: 17,437页
开本: 22cm
丛书名:
单 册:
中图分类: K561.41
科图分类:
主题词: 英国资产阶级革命--ying guo zi chan jie ji ge ming--历史
电子资源:
ISBN: 978-7-5447-6640-1
000 00971nam0 22002531 450
001 0120081941
005 20170320081941.0
010    @a978-7-5447-6640-1@dCNY56.00
100    @a20161123d2016 em y0chiy50 ea
101 1  @achi@cfre
102    @aCN@b320000
105    @ay z 000yy
106    @ar
200 1  @a1640年英国革命史@91640nian ying guo ge ming shi@f(法)基佐著@g伍光建译
210    @a南京@c译林出版社@d2016
215    @a17,437页@d22cm
300    @a世界汉译学术名著
330    @a本书叙述了1640年开始的英国资产阶级革命的历史。它回溯了查理一世即位后的反动统治,新兴资产阶级的兴起,资产阶级与新贵族结成联盟;主要叙述了革命的起因,国会内的斗争,第一次内战,克伦威尔的崛起,军队内部的冲突,查理一世被送上断头台等。
606 0  @a英国资产阶级革命@9ying guo zi chan jie ji ge ming@x历史
690    @aK561.41@v5
701  0 @c(法)@a基佐@9ji zuo@4著
702  0 @a伍光建@9wu guang jian@4译
801  0 @aCN@bTANGWEI@c20170308
905    @b0954717-9@dK561.41@e28@f3
    
    1640年英国革命史/(法)基佐著/伍光建译.-南京:译林出版社,2016
    17,437页;22cm
    世界汉译学术名著
    
    ISBN 978-7-5447-6640-1:CNY56.00
    本书叙述了1640年开始的英国资产阶级革命的历史。它回溯了查理一世即位后的反动统治,新兴资产阶级的兴起,资产阶级与新贵族结成联盟;主要叙述了革命的起因,国会内的斗争,第一次内战,克伦威尔的崛起,军队内部的冲突,查理一世被送上断头台等。
●
相关链接 在E读中查询图书 在五车中查询图书 在当当中查询图书 在豆瓣中查询图书


正题名:1640年英国革命史     索取号:K561.41/28         预约/预借

序号 登录号 条形码 馆藏地/架位号 状态 备注
1 0954717   209547178   第二样本阅览室/ [索取号:K561.41/28] 在馆    
2 0954718   209547187   第二借阅区/ [索取号:K561.41/28] 在馆    
3 0954719   209547196   第二借阅区/ [索取号:K561.41/28] 在馆    
唐山师范学院图书馆 欢迎您!
大连网信软件有限公司© 版权所有